00781nam a2200229 a 450000100060000000300080000600500170001400800410003103500190007204000260009104100080011708200250012524500500015026000440020030000250024450000190026950500510028865000450033994200120038499900170039695201380041368151BD-RjUL20211209081733.0170330s1984 eu ||||| |||| 001 0 eng d a(BD-RjUL)68361 aBD-RjULbengcBD-RjUL aeng 223a909.82bEUR 1984 aThe Europa year book 1984 :ba world survey / aLondon : bEuropa Publications,c1984. av. :bill. ;c29 cm. aIncludes index aVol. 1. International organizations. Europe -- aInternational agencies z Europe9202026 2ddccBK c68151d68151 00102ddc40718NFICaRUCLbRUCLcReadingd2021-12-09eAsia foundationl0o909.82 EUR 1984r2017-03-30 00:00:00tC-1w2017-03-30yBK